000 00781nam a22002417a 4500
003 DO-SdBNP
005 20211104102501.0
007 ta
008 211104b2019 dr ||||| |||| 00| 0 eng d
020 _a9789945804539
040 _aDO-SdBNP
_bspa
_cBNPHU
082 4 _222
100 1 _aAcevedo Merán, Flor de
_980480
245 1 0 _aDesesperada por un hombre /
_cFlor Acevedo de Merán ; prólogo Thelma Constant ; corrección Ginny Michelle Pérez
260 _aSanto Domingo :
_bPublicaciones Libertad,
_c2019.
300 _a257 p. ;
_c21 cm.
504 _aBibliografía : p. 257
590 _aInventariado, 2021/BT
700 1 _aConstant, Thelma,
_epról.
_qpastora
_980481
700 1 _aPérez, Ginny Michelle,
_ecorrección
_980482
910 _aBtavárez
942 _2ddc
_cLBS1
999 _c50876
_d50876